00466nam a2200181Ia 4500008004100000020001800041050001400059100001600073245004700089245004800136260001500184260001600199260000900215300001500224300002700239300001000266500000800276170918s9999 xx 000 0 und d a9780439748698 bK156 2006 aKamma, Anne aIf you lived when women won their rights / cAnne Kamma ; illustrated by Pamela Johnson. aNew York : bScholastic, c2006 a64 pages : bcolored illustration ; c19cm. a750